000 01231nam a2200325 i 4500
001 195929
003 ES-MaACL
005 20250406063110.0
008 240802b2021 sp ||||| |||| 00| 0 spa d
017 _aM 14369-2017
020 _a9788469731079
040 _cES-MaACL
100 _aVelázquez González, Eduardo
_9238515
_d1949-
_eaut
245 _aExpuesto en un escaparate /
_cEduardo Velázquez González ; revisión de la obra: Elena Muñoz.
250 _aSegunda edición: abril 2021
260 _aMadrid :
_bEdiciones Ondina ,
_c2021.
300 _a98 pág. :
_c19 cm.
336 _2rdacontent
_aTexto
337 _2rdamedia
_asin mediación
338 _2rdacarrier
_avolumen
490 1 _aColección Verdemar
655 7 _2tgfbne
_9176539
_aPoesías
700 _aMuñoz, Elena
_erev
_9239977
852 _aES-MaACL
_bR.154405
_cDEPOJ
_jN-9049
_hDonación: Eduardo Velázquez González
_xEncuadernación rústica
_9204958
_gDedicatoria autógrafa del autor
903 _9238515
_aVelázquez González, Eduardo,
_d1949-
_ednr
942 _cMONOGRAFIA
_n0
999 _c195929
_d195929